000 00408nam a2200181Ia 4500
001 474
005 20260306140520.0
008 260306t2016||||xx |||||||||||||| ||spa||
041 _aESP
082 _a121
_bLL724A
100 _aLlano, Alejandro
_eAUT
245 0 _aOtro modo de pensar
260 _c2016
300 _a224 páginas :
_c21 cm.
650 _aGEN
654 _aCHU
942 _cLIB
_dJUS
_fJUS
_2ddc
_n
999 _c474
_d474